|
|
|
|
| LEADER |
00000nam a22000007a 4500 |
| 005 |
2020111702442.0 |
| 007 |
cr|||| |||| |
| 008 |
201117s2020 es |||||s|||| 00||0 spa d |
| 020 |
|
|
|a 978-84-1324-818-9
|
| 035 |
|
|
|a 32152
|
| 040 |
|
|
|a vLex
|
| 090 |
|
|
|c 10886
|d 10886
|
| 100 |
1 |
|
|a Peribę̀z Blasco, Elena
|
| 245 |
1 |
0 |
|a Hablamos de Derechos Humanos
|h [Recurso electrn̤ico] :
|b la distancia social /
|c Elena Peribę̀z Blasco, Manuel Sǹchez Cid
|
| 256 |
|
|
|a Servicio en ln̕ea
|
| 300 |
|
|
|a 1 recurso electrn̤ico
|
| 506 |
1 |
|
|a Disponible solo en los productos indicados
|d vLex Global
|d vLex Global (Academic Edition, excluding Law Schools)
|d vLex Global (U.S. Academic Edition, Law Schools)
|d vLex Global (U.S. Academic Edition, excluding Law Schools)
|d vLex Global (Academic Edition, Law Schools)
|
| 650 |
0 |
4 |
|a Derecho Internacional
|z Espaą
|
| 700 |
1 |
|
|a Sǹchez Cid, Manuel
|
| 740 |
0 |
|
|a vLex Libros (Servicio en ln̕ea)
|
| 856 |
4 |
0 |
|u http://vlex.com/source/hablamos-derechos-humanos-distancia-social-32152
|z Acceso restringido
|
| 942 |
|
|
|c BOOK
|
| 999 |
0 |
|
|a International right
|